000 00529ntaaa2200193 4500
003 01
005 20251027200637.0
008 0714s1973 ag 01
040 _aAR-BaBN
_bspa
_cAR-BaBN
_eaacr
_dRIC
082 _a253.5 L55
100 _aLeón, Jorge A.
_9294
245 _aPsicología pastoral para todos los cristianos /
_cJorge A. León
260 _aBuenos Aires :
_bCaribe,
_c1971
300 _a179 p.
650 _aConsejo Pastoral
_9270
650 _aCuidado Pastoral
_91338
650 _aPsicologia Pastoral
942 _cBK
999 _c1050
_d1050